[Event "39th TCh-GRE"]
[Site "Eretria GRE"]
[Date "2011.07.07"]
[Round "6.8"]
[White "Sperdokli, Elli"]
[Black "Havlikova, Kristyna"]
[Result "1/2-1/2"]
[WhiteTitle "WFM"]
[BlackTitle "WIM"]
[WhiteElo "2127"]
[BlackElo "2280"]
[WhiteTeam "O.A.A. Heraklion"]
[BlackTeam "Chess Union Amfissa"]
[WhiteFideId "4205456"]
[BlackFideId "309672"]
[EventDate "2011.07.03"]

1. e4 c5 2. Nf3 g6 3. d4 cxd4 4. Qxd4 Nf6 5. Bb5 a6 6. e5 axb5 7. exf6 Nc6 8.
Qd1 e6 9. O-O b4 10. c4 Qxf6 11. Nbd2 Qf5 12. Re1 Bg7 13. Ne4 O-O 14. Nd6 Qa5
15. Qe2 Ra6 16. Bf4 e5 17. Bg3 Nd4 18. Nxd4 Rxd6 19. Nb3 Qa6 20. a3 Rc6 21. Rec1
Qa4 22. Nd2 bxa3 23. Rxa3 Qb4 24. Rb3 Qe7 25. Rb5 d6 26. f4 f6 27. Re1 Qc7 28.
b3 Rc5 29. Rxc5 Qxc5+ 30. Bf2 Qc6 31. fxe5 dxe5 32. b4 Rd8 33. b5 Qd7 34. Ne4 f5
35. Nc5 Qd6 36. h3 e4 37. Qe3 Be5 38. Nb3 Be6 39. Nc5 Bc8 40. Nb3 Kg7 41. Qa7
Qb4 42. Qb6 1/2-1/2

[Event "39th TCh-GRE"]
[Site "Eretria GRE"]
[Date "2011.07.07"]
[Round "6.8"]
[White "Mihopoulos, Konstantinos"]
[Black "Kolomvakis, Stelios"]
[Result "1-0"]
[WhiteElo "1968"]
[BlackElo "1752"]
[WhiteTeam "Chess Union Amfissa"]
[BlackTeam "O.A.A. Heraklion"]
[WhiteFideId "4217110"]
[BlackFideId "4217500"]
[EventDate "2011.07.03"]

1. e4 c5 2. Nf3 d6 3. d4 cxd4 4. Nxd4 Nf6 5. Nc3 g6 6. Be3 Bg7 7. f3 O-O 8. Qd2
Nc6 9. Bc4 Bd7 10. h4 Rc8 11. Bb3 Qa5 12. O-O-O Ne5 13. Kb1 Rfe8 14. g4 Nc4 15.
Bxc4 Rxc4 16. Nb3 Qa6 17. e5 Nxg4 18. fxg4 Bxg4 19. Rdg1 Bxe5 20. h5 Bf5 21. Bd4
f6 22. hxg6 hxg6 23. Bxe5 dxe5 24. Qf2 Rf4 25. Qh2 g5 26. Nd5 Rc4 27. Ne3 Be4
28. Nxc4 Bxh1 29. Nxe5 Be4 30. Qh5 Rf8 31. Ng6 Re8 32. Qh8+ Kf7 33. Qh7+ Ke6 34.
Nc5+ 1-0

[Event "39th TCh-GRE"]
[Site "Eretria GRE"]
[Date "2011.07.07"]
[Round "6.8"]
[White "Kelires, Andreas"]
[Black "Oikonomou, Panagiotis Ch."]
[Result "1-0"]
[WhiteElo "1825"]
[BlackElo "1496"]
[WhiteTeam "O.A.A. Heraklion"]
[BlackTeam "Chess Union Amfissa"]
[WhiteFideId "5900727"]
[BlackFideId "4274180"]
[EventDate "2011.07.03"]

1. e4 d5 2. exd5 Qxd5 3. Nc3 Qd6 4. d4 Nf6 5. Nb5 Qb6 6. Nf3 a6 7. Na3 Bg4 8.
Nc4 Qc6 9. Nce5 Bxf3 10. Nxf3 e6 11. Ne5 Qb6 12. Be2 c6 13. O-O Be7 14. Be3 Qd8
15. c3 O-O 16. Qb3 Qc8 17. Rac1 Nbd7 18. c4 Nxe5 19. dxe5 Nd7 20. Bf4 Rd8 21.
Qh3 Qc7 22. Bd3 Nf8 23. Bb1 Rd7 24. Bg3 Rad8 25. Kh1 Rd2 26. Bc2 Qb6 27. Bb3
Rxb2 28. f4 Rbd2 29. f5 Bg5 30. fxe6 Nxe6 31. c5 Qc7 32. Bxe6 fxe6 33. Qxe6+ Kh8
34. Qf5 h6 35. e6 Qe7 36. Bd6 Qf6 37. e7 1-0

[Event "39th TCh-GRE"]
[Site "Eretria GRE"]
[Date "2011.07.07"]
[Round "6.9"]
[White "Istratescu, Andrei"]
[Black "Jianu, Vlad-Cristian"]
[Result "1/2-1/2"]
[WhiteTitle "GM"]
[BlackTitle "GM"]
[WhiteElo "2645"]
[BlackElo "2518"]
[WhiteTeam "N.O. Kalamatas Poseidon"]
[BlackTeam "Polichni CC"]
[WhiteFideId "1200372"]
[BlackFideId "1208110"]
[EventDate "2011.07.03"]

1. e4 c5 2. Nf3 d6 3. d4 cxd4 4. Nxd4 Nf6 5. Nc3 g6 6. Be3 Bg7 7. f3 Nc6 8. Qd2
O-O 9. O-O-O d5 10. exd5 Nxd5 11. Nxc6 bxc6 12. Bd4 Bxd4 13. Qxd4 Qb6 14. Na4
Qa5 15. b3 Qc7 16. g3 Bf5 17. Bd3 Bxd3 18. Rxd3 Rfd8 19. Rhd1 Rd6 20. Qe5 Rad8
21. a3 f6 22. Qe1 Nb6 23. Nc5 Rxd3 24. Qe6+ Kf8 25. Nxd3 Qd6 26. Qxd6 exd6 27.
Nb4 c5 28. Nc6 Rd7 29. c4 Kf7 30. Kc2 Rc7 31. Na5 Ke6 32. Re1+ Kd7 33. Kd3 Rc8
34. b4 a6 35. Rb1 Kc7 36. Nb3 Kc6 37. Nd2 Re8 38. g4 Nd7 1/2-1/2

[Event "39th TCh-GRE"]
[Site "Eretria GRE"]
[Date "2011.07.07"]
[Round "6.9"]
[White "Theofilopoulos, Aris"]
[Black "Edouard, Romain"]
[Result "0-1"]
[BlackTitle "GM"]
[WhiteElo "2205"]
[BlackElo "2587"]
[WhiteTeam "Polichni CC"]
[BlackTeam "N.O. Kalamatas Poseidon"]
[WhiteFideId "4201825"]
[BlackFideId "633429"]
[EventDate "2011.07.03"]

1. d4 Nf6 2. Nf3 g6 3. Bf4 Bg7 4. Nbd2 d6 5. h3 O-O 6. e4 Nbd7 7. Bh2 e5 8. dxe5
dxe5 9. Bc4 Nh5 10. Qe2 Qf6 11. c3 c6 12. a4 a5 13. Nb3 Nf4 14. Bxf4 Qxf4 15.
Nfd2 Qg5 16. h4 Qe7 17. h5 Nb6 18. hxg6 hxg6 19. Qe3 Nxc4 20. Nxc4 Be6 21. Nb6
Bxb3 22. Nxa8 Rxa8 23. Qb6 Bc2 24. f3 Qg5 25. O-O Rd8 26. Rf2 Bd1 27. b4 axb4
28. cxb4 Bh6 29. f4 exf4 30. Qxb7 Bg7 31. Raa2 Be2 32. Raxe2 Rd1+ 0-1

[Event "39th TCh-GRE"]
[Site "Eretria GRE"]
[Date "2011.07.07"]
[Round "6.9"]
[White "Tsekouras, Theodoros"]
[Black "Kakousatze, Ilias"]
[Result "1-0"]
[WhiteElo "2223"]
[BlackElo "2060"]
[WhiteTeam "N.O. Kalamatas Poseidon"]
[BlackTeam "Polichni CC"]
[WhiteFideId "4203402"]
[BlackFideId "4209532"]
[EventDate "2011.07.03"]

1. d4 Nf6 2. c4 e6 3. Nc3 Bb4 4. Nf3 c5 5. e3 O-O 6. Bd3 cxd4 7. exd4 d5 8. O-O
dxc4 9. Bxc4 b6 10. Qe2 Bb7 11. a3 Bxc3 12. bxc3 Ne4 13. Bb2 Nd7 14. Bd3 Ndf6
15. c4 Qd6 16. Ne5 Qc7 17. Rac1 Rac8 18. f3 Nd6 19. Qf2 Nd7 20. Rfe1 Nxe5 21.
Rxe5 Ba6 22. Qh4 h6 23. d5 Nxc4 24. Rg5 Nxb2 25. Rxc7 Nxd3 26. Qxh6 1-0

[Event "39th TCh-GRE"]
[Site "Eretria GRE"]
[Date "2011.07.07"]
[Round "6.9"]
[White "Barbageorgopoulou, Despina"]
[Black "Makropoulou, Marina"]
[Result "0-1"]
[BlackTitle "WGM"]
[WhiteElo "1752"]
[BlackElo "2282"]
[WhiteTeam "Polichni CC"]
[BlackTeam "N.O. Kalamatas Poseidon"]
[WhiteFideId "4216180"]
[BlackFideId "4200187"]
[EventDate "2011.07.03"]

1. d4 d6 2. c4 e5 3. d5 f5 4. Nc3 Nf6 5. Qc2 a5 6. e4 f4 7. Nf3 Na6 8. Be2 Be7
9. b3 O-O 10. O-O Nc5 11. Nd2 g5 12. Bb2 Qe8 13. a3 Qg6 14. b4 Na6 15. Na2 g4
16. Kh1 Qh6 17. Rfd1 Rf7 18. Bd3 g3 19. fxg3 Ng4 20. Nf3 Nxh2 21. Kg1 fxg3 22.
Bc1 Qh5 23. Qd2 Rxf3 24. Be2 Rf1+ 25. Bxf1 Ng4 26. Bd3 Bd7 27. Qc2 Rf8 0-1

[Event "39th TCh-GRE"]
[Site "Eretria GRE"]
[Date "2011.07.07"]
[Round "6.9"]
[White "Filopoulou, Aggeliki"]
[Black "Barbageorgopoulou, Fani"]
[Result "0-1"]
[WhiteElo "1492"]
[BlackElo "1851"]
[WhiteTeam "N.O. Kalamatas Poseidon"]
[BlackTeam "Polichni CC"]
[WhiteFideId "4219473"]
[BlackFideId "4220838"]
[EventDate "2011.07.03"]

1. e4 c6 2. d4 d5 3. Nc3 dxe4 4. Nxe4 Bf5 5. Ng3 Bg6 6. Nf3 Nd7 7. Bd3 Bxd3 8.
Qxd3 Ngf6 9. c4 Qc7 10. Bd2 e6 11. Ne4 O-O-O 12. O-O c5 13. Neg5 Nb6 14. Ba5 Rd7
15. Ne5 Rxd4 16. Qe3 Ng4 17. Nxg4 Rxg4 18. Bxb6 axb6 19. Rad1 Bd6 20. Rxd6 Rxg5
21. Rfd1 Rg6 22. Qa3 Kb8 23. Qa4 Rf6 24. g3 Rc8 25. Rd7 Qc6 26. Qxc6 bxc6 27.
Re7 Rc7 28. Rd8+ Kb7 29. Rxc7+ Kxc7 30. Rh8 h6 31. Rh7 Rg6 32. Rh8 b5 33. b3 Rg4
34. f4 Kb6 35. Rf8 f5 36. Kf2 Ka5 37. Ke3 Kb4 38. Kd3 g5 39. Rf6 gxf4 40. gxf4
Rxf4 41. Rxe6 Rh4 42. Rxc6 Rh3+ 43. Ke2 Rxh2+ 44. Kd3 bxc4+ 45. bxc4 Rh3+ 46.
Kd2 Kxc4 0-1

[Event "39th TCh-GRE"]
[Site "Eretria GRE"]
[Date "2011.07.07"]
[Round "6.9"]
[White "Moutzouris, Iason"]
[Black "Gouloutis, Nikolaos"]
[Result "1-0"]
[WhiteElo "1718"]
[BlackElo "1758"]
[WhiteTeam "N.O. Kalamatas Poseidon"]
[BlackTeam "Polichni CC"]
[WhiteFideId "4219740"]
[BlackFideId "4224256"]
[EventDate "2011.07.03"]

1. e4 e6 2. d4 d5 3. Nd2 c5 4. Ngf3 Nf6 5. e5 Nfd7 6. c3 Nc6 7. Bd3 Qb6 8. O-O
cxd4 9. cxd4 Nxd4 10. Nxd4 Qxd4 11. Nf3 Qb6 12. Qa4 Be7 13. Qg4 Kf8 14. Be3 Qd8
15. Rac1 h6 16. h4 b6 17. b4 Bb7 18. Rc2 Rc8 19. Rfc1 Rxc2 20. Rxc2 Kg8 21. h5
Qb8 22. Qd4 Nf8 23. Qc3 Bd8 24. a4 a6 25. a5 Nd7 26. b5 axb5 27. Bxb5 Nc5 28.
Bxc5 bxc5 29. a6 d4 30. Qxc5 Bxf3 31. gxf3 Bb6 32. Qd6 Kh7 33. Bd3+ g6 34. hxg6+
Kg7 35. Qe7 Rf8 36. Qf6+ Kg8 37. g7 Rd8 38. Qxh6 f5 39. exf6 e5 40. Bc4+ 1-0

[Event "39th TCh-GRE"]
[Site "Eretria GRE"]
[Date "2011.07.07"]
[Round "6.10"]
[White "Berg, Emanuel"]
[Black "Aggelis, Nikolaos"]
[Result "1-0"]
[WhiteTitle "GM"]
[BlackTitle "FM"]
[WhiteElo "2604"]
[BlackElo "2294"]
[WhiteTeam "Ptolemaida Ptolemaios CC"]
[BlackTeam "Kallithea CC"]
[WhiteFideId "1704060"]
[BlackFideId "4213220"]
[EventDate "2011.07.03"]

1. e4 e5 2. Nf3 Nc6 3. Bb5 a6 4. Ba4 Nf6 5. O-O Be7 6. Re1 b5 7. Bb3 O-O 8. d3
d6 9. c3 Nb8 10. Nbd2 a5 11. Nf1 a4 12. Bc2 Re8 13. h3 Bf8 14. Ng3 g6 15. Nh2
Bg7 16. f4 exf4 17. Bxf4 Bb7 18. Qd2 Nbd7 19. Re2 Ne5 20. Rf1 Nfd7 21. d4 Nc4
22. Qc1 c5 23. Bh6 cxd4 24. Bxg7 Kxg7 25. cxd4 Qb6 26. Rd1 Rac8 27. Rf2 Qd8 28.
b3 Qh4 29. bxc4 Qxg3 30. Ng4 Bxe4 31. Qh6+ Kg8 32. Rdf1 f5 33. Bxe4 Rxe4 34. Rf3
Rxg4 35. Rxg3 Rxg3 36. Qf4 Rc3 37. Qxd6 Nf8 38. Qd5+ Kh8 39. Qe5+ Kg8 40. Qd5+
Kh8 41. c5 1-0

[Event "39th TCh-GRE"]
[Site "Eretria GRE"]
[Date "2011.07.07"]
[Round "6.10"]
[White "Gesos, Pavlos"]
[Black "Theodoulidis, Theodoros"]
[Result "1/2-1/2"]
[WhiteTitle "IM"]
[WhiteElo "2331"]
[BlackElo "2196"]
[WhiteTeam "Kallithea CC"]
[BlackTeam "Ptolemaida Ptolemaios CC"]
[WhiteFideId "4200055"]
[BlackFideId "4200810"]
[EventDate "2011.07.03"]

1. Nf3 Nf6 2. c4 e6 3. g3 b6 4. Bg2 Bb7 5. O-O Be7 6. Nc3 O-O 7. d4 Ne4 8. Qc2
f5 9. Ne5 Nd6 10. f3 Bf6 11. Qd3 Nc6 12. Nxc6 Bxc6 13. e4 fxe4 14. fxe4 e5 15.
Be3 Nf7 16. d5 Bb7 17. c5 bxc5 18. Bxc5 d6 19. Be3 a5 20. a4 Ba6 21. Nb5 Qd7 22.
Rfc1 Rfb8 23. Bf1 Bxb5 24. axb5 h5 25. Rc6 h4 26. Qc3 hxg3 27. hxg3 Qg4 28. Ra6
Qxg3+ 29. Bg2 Ng5 30. Bxg5 Qxc3 31. bxc3 Bxg5 32. R1xa5 Be3+ 33. Kf1 Rxa6 34.
bxa6 Ba7 35. Bf3 Rb3 36. Be2 Rxc3 37. Rb5 Ra3 38. Rb4 Kf7 39. Bb5 Kf6 40. Ra4
Rxa4 41. Bxa4 Kg5 42. Be8 Kf4 43. Bg6 Ke3 44. Kg2 1/2-1/2

[Event "39th TCh-GRE"]
[Site "Eretria GRE"]
[Date "2011.07.07"]
[Round "6.10"]
[White "Lagopatis, Nikolaos"]
[Black "Kourkoulos-Arditis, Stamatis"]
[Result "1-0"]
[WhiteElo "2181"]
[BlackElo "2123"]
[WhiteTeam "Ptolemaida Ptolemaios CC"]
[BlackTeam "Kallithea CC"]
[WhiteFideId "4200489"]
[BlackFideId "4221990"]
[EventDate "2011.07.03"]

1. e4 c5 2. c4 Nc6 3. Nc3 g6 4. g3 Bg7 5. Bg2 d6 6. d3 e6 7. Nge2 Nge7 8. O-O
O-O 9. Rb1 b6 10. Be3 Bb7 11. d4 cxd4 12. Nxd4 a6 13. a4 Rc8 14. b3 Qc7 15. Rc1
Rfd8 16. Nd5 exd5 17. cxd5 Qb8 18. dxc6 Nxc6 19. Nxc6 Bxc6 20. Qd3 Qb7 21. Bg5
Re8 22. Qxd6 Bxe4 23. Bxe4 Qxe4 24. Rxc8 Rxc8 25. Qxb6 Bd4 26. Qd6 Rc2 27. Bh6
Rc8 28. Rd1 Bg7 29. Bxg7 Kxg7 30. Qxa6 Rc3 31. Qb6 h5 32. h4 Qg4 33. Qd6 Kh7 34.
b4 Rc4 35. b5 Rxa4 36. b6 Rb4 37. Rc1 Rb5 38. Qf6 Qf5 39. Qxf5 gxf5 40. Rc6 Kg7
41. Kg2 f4 42. gxf4 Rb3 43. f5 Rb5 44. Kf3 Rxf5+ 45. Ke3 Rb5 46. Kd4 Kf8 47. Kc4
Rb2 48. Kc5 Ke7 49. Rc7+ Ke6 50. b7 Rc2+ 51. Kb6 Rb2+ 52. Ka7 Ra2+ 53. Kb8 Rxf2
54. Kc8 Rb2 55. b8=Q Rxb8+ 56. Kxb8 Kf5 57. Rxf7+ Kg4 58. Rg7+ Kxh4 59. Kc7 Kh3
60. Kd6 h4 61. Ke5 Kh2 62. Kf4 h3 63. Kf3 Kh1 64. Ra7 Kh2 65. Ra2+ Kg1 66. Kg3 1-0

[Event "39th TCh-GRE"]
[Site "Eretria GRE"]
[Date "2011.07.07"]
[Round "6.10"]
[White "Stefanidi, Maria-Anna"]
[Black "Cramling, Pia"]
[Result "1/2-1/2"]
[WhiteTitle "WFM"]
[BlackTitle "GM"]
[WhiteElo "2055"]
[BlackElo "2472"]
[WhiteTeam "Kallithea CC"]
[BlackTeam "Ptolemaida Ptolemaios CC"]
[WhiteFideId "4207750"]
[BlackFideId "1700030"]
[EventDate "2011.07.03"]

1. e4 c5 2. Nf3 e6 3. d4 cxd4 4. Nxd4 a6 5. Bd3 Bc5 6. Nb3 Be7 7. c4 d6 8. Nc3
Nf6 9. Be3 b6 10. O-O Bb7 11. f3 O-O 12. Rf2 Qc7 13. Rc1 Nbd7 14. Bf1 Rac8 15.
Rd2 Qb8 16. Qe1 Rfe8 17. Be2 Bd8 18. g4 Ne5 19. Rcd1 Nxc4 20. Bxc4 Rxc4 21. Rxd6
Bc7 22. R6d3 Bc8 23. Nd4 Be5 24. b3 Rc7 25. g5 Nd7 26. f4 Bd6 27. Nde2 Be7 28.
Qh4 Nc5 29. Bd4 Nxd3 30. Rxd3 e5 31. Bxe5 Bc5+ 32. Kf1 Rxe5 33. fxe5 Bd7 34. e6
fxe6 35. Rh3 h6 36. gxh6 Qf8+ 37. Ke1 e5 38. Rd3 Bc6 39. hxg7 Rxg7 40. Rh3 Qe7
41. Qh8+ Kf7 42. Rf3+ Ke6 43. Qc8+ Qd7 44. Qxa6 Ke7 45. Qc4 Qe6 46. Nd5+ Bxd5
47. exd5 Qg6 48. Rg3 Qb1+ 49. Qc1 Qxc1+ 50. Nxc1 Rxg3 51. hxg3 Kd6 52. Nd3 Bd4
53. Ke2 Kxd5 54. Nb4+ Ke4 55. Nc6 Bb2 56. a4 Ba3 57. b4 Kd5 58. b5 e4 59. g4 Bc1
60. a5 bxa5 61. Nxa5 Bf4 62. b6 Kd6 63. Kd1 Kd7 64. Kc2 Be3 65. Nc4 Bg5 66. Ne5+
Kc8 67. Nf7 Bf4 68. g5 Bxg5 69. Nxg5 Kb7 70. Nxe4 Kxb6 1/2-1/2

[Event "39th TCh-GRE"]
[Site "Eretria GRE"]
[Date "2011.07.07"]
[Round "6.10"]
[White "Alexiou, Dimitra"]
[Black "Tsouba, Maria"]
[Result "1-0"]
[WhiteElo "1593"]
[BlackElo "1512"]
[WhiteTeam "Ptolemaida Ptolemaios CC"]
[BlackTeam "Kallithea CC"]
[WhiteFideId "4239083"]
[BlackFideId "4231643"]
[EventDate "2011.07.03"]

1. d4 Nf6 2. c4 e6 3. Nc3 Bb4 4. Nf3 O-O 5. e3 b6 6. Be2 Bb7 7. O-O d5 8. a3 Be7
9. b3 c5 10. dxc5 Bxc5 11. Bb2 Nbd7 12. Rc1 Rc8 13. cxd5 Nxd5 14. b4 Be7 15. Bd3
N7f6 16. Nxd5 Bxd5 17. Be2 Qd7 18. Rxc8 Rxc8 19. b5 Qc7 20. Qa1 h6 21. Be5 Qc5
22. Bb2 Bxf3 23. gxf3 Qg5+ 24. Kh1 Qh5 25. Bd1 Qxb5 26. Rg1 Qd3 27. Bxf6 Bxf6
28. Qxf6 Qh7 29. Bb3 Kf8 30. Qf4 Re8 31. Ba4 Rd8 32. Qc7 Rd2 33. e4 Rxf2 34.
Qd8# 1-0

[Event "39th TCh-GRE"]
[Site "Eretria GRE"]
[Date "2011.07.07"]
[Round "6.10"]
[White "Kosmidis, Ioannis"]
[Black "Anagnostopoulos, Konstantinos"]
[Result "1/2-1/2"]
[WhiteElo "1754"]
[BlackElo "2038"]
[WhiteTeam "Ptolemaida Ptolemaios CC"]
[BlackTeam "Kallithea CC"]
[WhiteFideId "4253876"]
[BlackFideId "4251067"]
[EventDate "2011.07.03"]

1. d4 g6 2. Nf3 Bg7 3. c4 c5 4. e3 f5 5. Nc3 Nf6 6. Be2 O-O 7. O-O a6 8. Qc2 Nc6
9. d5 Nb8 10. b3 d6 11. Bb2 e5 12. dxe6 Bxe6 13. Rad1 Qe7 14. Rd2 Nc6 15. Rfd1
Rad8 16. Ng5 Bc8 17. Nh3 Bh6 18. Bf3 Ne5 19. Bd5+ Kh8 20. Nf4 g5 21. Nfe2 f4 22.
exf4 gxf4 23. f3 Qg7 24. Kh1 Qe7 25. Be4 Bg7 26. Nd5 Nxd5 27. Bxd5 Qh4 28. Be4
Qh6 29. Nc3 Rfe8 30. Nd5 Rf8 31. Nb6 Nd7 32. Nxc8 Rxc8 33. Bxb7 Rce8 34. Be4 Qh4
35. Re2 Be5 36. Bxe5+ Rxe5 37. Rd5 Rxd5 38. Bxd5 Ne5 39. Qc3 Rf5 40. Qe1 Qf6 41.
Qa5 Nd7 42. Qe1 Ne5 43. Qa5 Nd7 44. Qe1 Ne5 45. Qa5 Ng6 1/2-1/2

[Event "39th TCh-GRE"]
[Site "Eretria GRE"]
[Date "2011.07.07"]
[Round "6.10"]
[White "Tsatsoulis, Periklis"]
[Black "Harizopoulos, Ioannis"]
[Result "0-1"]
[WhiteElo "1454"]
[BlackElo "1615"]
[WhiteTeam "Kallithea CC"]
[BlackTeam "Ptolemaida Ptolemaios CC"]
[WhiteFideId "4246853"]
[BlackFideId "4250931"]
[EventDate "2011.07.03"]

1. e4 c5 2. Nf3 g6 3. d4 Bg7 4. Be3 Nc6 5. Bd3 cxd4 6. Bd2 d6 7. c3 Bg4 8. h3
Bxf3 9. Qxf3 a6 10. Qd1 Qb6 11. Qb3 Qxb3 12. axb3 Nf6 13. O-O O-O 14. Re1 Nd7
15. b4 Nb6 16. f4 dxc3 17. bxc3 Nxb4 18. Bf1 Nc2 19. Na3 Nxe1 20. Rxe1 Rac8 21.
Rc1 Rc6 22. Kf2 Rfc8 23. Nb1 Nc4 24. Be1 b5 25. Bxc4 Rxc4 26. Ke3 e5 27. g3
exf4+ 28. gxf4 Re8 29. Nd2 Rxc3+ 30. Rxc3 Bxc3 31. Kd3 Bxd2 32. Bxd2 Rc8 33. Ba5
f6 34. h4 Kf7 35. Kd2 Ke6 36. Kd3 Rc4 37. Ke3 f5 38. exf5+ Kxf5 39. Bc7 Rxc7 40.
h5 Rc4 41. h6 d5 42. Kd3 Kxf4 43. Kd2 Ke4 44. Ke2 Rc2+ 45. Kd1 Kd3 46. Ke1 b4
47. Kf1 b3 48. Kg1 b2 49. Kh1 b1=R# 0-1

[Event "39th TCh-GRE"]
[Site "Eretria GRE"]
[Date "2011.07.07"]
[Round "6.11"]
[White "Karagiannis, Athanasios"]
[Black "Berzinsh, Roland"]
[Result "1/2-1/2"]
[WhiteTitle "IM"]
[BlackTitle "IM"]
[WhiteElo "2340"]
[BlackElo "2434"]
[WhiteTeam "Aigaleo CC"]
[BlackTeam "Ilioupolis CC"]
[WhiteFideId "4201256"]
[BlackFideId "11600357"]
[EventDate "2011.07.03"]

1. d4 d5 2. Nf3 Nf6 3. Bf4 g6 4. e3 Bg7 5. Bd3 O-O 6. Nbd2 Nbd7 7. h3 b6 8. O-O
Bb7 9. Qe2 c5 10. c3 Ne4 11. Rfd1 Qc8 12. Rac1 Re8 13. c4 Nxd2 14. Qxd2 e5 15.
Nxe5 Nxe5 16. dxe5 Bxe5 17. cxd5 Bxd5 18. Bxg6 hxg6 19. Qxd5 Bxb2 20. Rc2 Bf6
21. Qf3 Qf5 22. Rcd2 Rac8 23. Rd6 Bg7 24. Rc6 c4 25. e4 Qb5 26. Rxc8 Rxc8 27.
Qg4 Qe8 28. e5 c3 29. Re1 Qe6 30. Qf3 c2 31. Qa3 Qc4 32. Bg5 Rc5 33. Qxa7 Rxe5
34. Qb8+ Kh7 35. Rxe5 c1=Q+ 36. Bxc1 Qxc1+ 37. Kh2 Qf4+ 38. g3 Bxe5 39. Qxb6 Qd2
40. Qe3 Qb2 41. Kg2 Bd4 42. Qf4 Kg8 43. h4 Be5 44. Qe4 Bc7 45. a4 Bb6 46. Qf4
Kg7 47. h5 Qd4 48. h6+ Kf8 49. h7 Qd5+ 50. Kg1 Kg7 51. h8=Q+ Kxh8 52. Qf6+ Kg8
53. Qxb6 Qd1+ 1/2-1/2

[Event "39th TCh-GRE"]
[Site "Eretria GRE"]
[Date "2011.07.07"]
[Round "6.11"]
[White "Gogolis, Alexandros"]
[Black "Spirakopoulos, Ioannis"]
[Result "1-0"]
[WhiteTitle "FM"]
[WhiteElo "2261"]
[BlackElo "2155"]
[WhiteTeam "Ilioupolis CC"]
[BlackTeam "Aigaleo CC"]
[WhiteFideId "4202066"]
[BlackFideId "4204123"]
[EventDate "2011.07.03"]

1. d4 g6 2. Nf3 Bg7 3. c3 Nf6 4. Bg5 O-O 5. Nbd2 h6 6. Bh4 d6 7. e4 Nbd7 8. Bd3
e5 9. O-O g5 10. Bg3 Nh5 11. dxe5 dxe5 12. Qc2 Nf4 13. Bc4 Nc5 14. b4 Nce6 15.
Rfe1 h5 16. Nf1 h4 17. Bxf4 Nxf4 18. Ne3 g4 19. Rad1 Qf6 20. Nd2 Bh6 21. Ndf1
Kh8 22. Nd5 Nxd5 23. Bxd5 Rg8 24. g3 c6 25. Bb3 Be6 26. Bxe6 fxe6 27. Qe2 Raf8
28. Rd7 Qg6 29. Red1 Rf3 30. R1d3 Rgf8 31. Rd8 Rxd8 32. Rxd8+ Kg7 33. Rd7+ Rf7
34. Rxf7+ Kxf7 35. gxh4 Qh5 36. Ne3 Bxe3 37. Qxe3 b6 38. Qd3 Ke7 39. Qa6 Qg6 40.
Qxa7+ Kf6 41. Qxb6 Qxe4 42. Qe3 Qb1+ 43. Kg2 Qxa2 44. Qg5+ Kf7 45. Qxe5 c5 46.
Qxc5 Qa8+ 47. Kf1 Qa1+ 48. Ke2 Qb2+ 49. Kd3 Qb1+ 50. Kc4 Qf1+ 51. Kb3 Qd1+ 52.
Kb2 Qd2+ 53. Ka3 Qc1+ 54. Ka4 Qd1+ 55. Kb5 Qd3+ 56. c4 Qd7+ 57. Kb6 Kf6 58. b5
Qd8+ 59. Kb7 Qd7+ 60. Qc7 Qd4 61. c5 Qxf2 62. c6 Qc5 63. Qf4+ Ke7 1-0

[Event "39th TCh-GRE"]
[Site "Eretria GRE"]
[Date "2011.07.07"]
[Round "6.11"]
[White "Skirianoglou, Dimitrios"]
[Black "Ignatiadis, Konstantinos"]
[Result "0-1"]
[WhiteElo "2044"]
[BlackElo "2133"]
[WhiteTeam "Aigaleo CC"]
[BlackTeam "Ilioupolis CC"]
[WhiteFideId "4203046"]
[BlackFideId "4203100"]
[EventDate "2011.07.03"]

1. c4 e5 2. g3 g6 3. Bg2 Bg7 4. Nc3 Ne7 5. e4 d6 6. Nge2 O-O 7. O-O Nbc6 8. d3
a6 9. Be3 Nd4 10. Qd2 Nxe2+ 11. Nxe2 c5 12. Rab1 Nc6 13. f4 exf4 14. Rxf4 Be6
15. Rbf1 Ne5 16. h3 Qe7 17. R4f2 Rae8 18. Nf4 Nc6 19. Kh2 Be5 20. Nxe6 Qxe6 21.
Bh6 Nd4 22. Bxf8 Rxf8 23. b3 Kg7 24. Rf4 Qe7 25. Rg4 h5 26. Rg5 h4 27. Rxe5 Qxe5
28. Qf4 hxg3+ 29. Qxg3 f6 30. h4 Rh8 31. Qxe5 dxe5 32. Kg3 Ne2+ 33. Kg4 Nf4 34.
Bf3 Rd8 35. Rd1 Rxd3 36. Rxd3 Nxd3 37. Be2 Nf4 38. Bd1 Kh6 39. Bf3 b6 40. Bd1
Nh5 41. Be2 Nf4 42. Bd1 Ne6 43. Be2 a5 44. Bf1 Nf4 45. Bh3 Nxh3 46. Kxh3 Kh5 47.
Kg3 f5 0-1

[Event "39th TCh-GRE"]
[Site "Eretria GRE"]
[Date "2011.07.07"]
[Round "6.11"]
[White "Liapi Zenebisi, Irini"]
[Black "Anastasopoulou, Andrianna"]
[Result "0-1"]
[WhiteElo "1416"]
[BlackElo "1786"]
[WhiteTeam "Aigaleo CC"]
[BlackTeam "Ilioupolis CC"]
[WhiteFideId "4234120"]
[BlackFideId "4212746"]
[EventDate "2011.07.03"]

1. e4 d5 2. exd5 Qxd5 3. Nc3 Qa5 4. Bc4 Nf6 5. d4 Bg4 6. Nf3 c6 7. Bd2 e6 8. h3
Bh5 9. Nd5 Qd8 10. Nxf6+ gxf6 11. c3 Nd7 12. Qe2 Nb6 13. Bb3 Bd6 14. O-O-O Qc7
15. g4 Bg6 16. Nh4 O-O-O 17. Nxg6 hxg6 18. Qf3 f5 19. Rdg1 Nd5 20. Kb1 Nf6 21.
Bc2 Be7 22. Bf4 Qd7 23. Be5 Rh7 24. Qe2 Nd5 25. Bg3 f4 26. Bh2 Rxh3 27. Be4 Rdh8
28. Rg2 Bd6 29. f3 g5 30. Re1 Ne3 31. Rf2 c5 32. Bg1 Kb8 33. dxc5 Bxc5 34. Rh2
Rxh2 35. Bxh2 f5 36. gxf5 exf5 37. Bd3 Rxh2 38. Qxh2 Qxd3+ 39. Kc1 Bf8 40. Qf2
Bd6 41. Qh2 Be5 42. Rg1 g4 43. fxg4 fxg4 44. b3 Qxc3+ 45. Kb1 Qa1# 0-1

[Event "39th TCh-GRE"]
[Site "Eretria GRE"]
[Date "2011.07.07"]
[Round "6.11"]
[White "Liaskos, Leonidas"]
[Black "Koutoukidis, Panagiotis"]
[Result "0-1"]
[WhiteElo "2107"]
[BlackElo "2046"]
[WhiteTeam "Aigaleo CC"]
[BlackTeam "Ilioupolis CC"]
[WhiteFideId "4211421"]
[BlackFideId "4244702"]
[EventDate "2011.07.03"]

1. e4 c6 2. Nc3 d5 3. Qf3 dxe4 4. Nxe4 Nf6 5. Nxf6+ exf6 6. Bc4 Bd6 7. d3 O-O 8.
Be3 Nd7 9. Bb3 Ne5 10. Qe2 a5 11. a3 a4 12. Ba2 Re8 13. Qd2 Ng4 14. O-O-O Nxe3
15. fxe3 b5 16. c3 Qe7 17. e4 c5 18. Bd5 Bb7 19. Nf3 b4 20. c4 bxa3 21. bxa3
Reb8 22. Kc2 Bxd5 23. exd5 Rb3 24. Rhe1 Qd7 25. Ra1 Rab8 26. Ra2 Qb7 27. Qc1
Rc3+ 28. Kxc3 Qb3+ 29. Kd2 Bf4+ 0-1